000 00641nam a2200277Ia 4500
005 20260324142105.0
008 008 260324s9999 xx 000 0 eng d
020 _a9781315036069
037 _aEBOOK
040 _aCRL
040 _beng
040 _cCRL
041 _2eng
041 _aeng
084 _qCRL
100 _aEliezer Tauber
_91210648
245 4 _aThe Formation of Modern Iraq and Syria
260 _bTaylor and Francis
260 _c1995
365 _a
365 _b285
856 _uhttp://www.taylorfrancis.com/books/9781315036069
942 _cEBOOK
999 _c1814438
_d1814438